Sports Quiz

Random Sports or Decade Quiz

NHL Top Defensemen by Decade Quiz Stats

 Plays Quiz Updated Jan 28, 2020

     
Support Sporcle.
Go Orange.
Score 0/50 Timer 07:00
5 Plays Today
Defenseman % Correct
Brent Burns
88.9%
Bobby Orr
82.4%
Nicklas Lidström
80.9%
Duncan Keith
78.3%
Erik Karlsson
76.2%
Raymond Bourque
72.4%
Raymond Bourque
72.4%
Chris Pronger
64.9%
Paul Coffey
63.5%
Paul Coffey
63.5%
Brian Leetch
62.4%
Keith Yandle
51%
Al MacInnis
51%
Rob Blake
49.9%
Dustin Byfuglien
45.8%
Sergei Gonchar
42.9%
Denis Potvin
37.9%
Brian Rafalski
31.6%
Phil Housley
31.3%
Mark Howe
30.7%
Brad Park
25.9%
Doug Harvey
25.6%
Larry Murphy
21.3%
Eddie Shore
20.1%
Doug Wilson
19.4%
Defenseman % Correct
Red Kelly
17.5%
Red Kelly
17.5%
Tim Horton
16.6%
Guy Lapointe
16.5%
Pierre Pilote
16%
Harry Howell
9.4%
King Clancy
6.9%
King Clancy
6.9%
Carol Vadnais
6.6%
Allan Stanley
5%
Allan Stanley
5%
Sprague Cleghorn
4.5%
Georges Boucher
4.2%
Babe Pratt
3.6%
Bill Gadsby
3.4%
Earl Seibert
2.5%
Red Horner
2.4%
Georges Mantha
2.3%
Harry Cameron
2.2%
Flash Hollett
2.1%
Baldy Northcott
1.4%
Jack Crawford
1.3%
Bert Corbeau
1.2%
Pat Egan
1.2%
Jack McIntyre
1%

From the Vault

World's 20 Largest Lakes

by citkeane

Don't forget that if you row out to the middle, you still have to row back.
Remove Ads.
Support Sporcle.
Get the best of Sporcle when you Go Orange. This ad-free experience offers more features, more stats, and more fun while also helping to support Sporcle. Thank you for becoming a member.

Show Comments

Extras

Top Quizzes Today


Score Distribution

Your Account Isn't Verified!

In order to create a playlist on Sporcle, you need to verify the email address you used during registration. Go to your Sporcle Settings to finish the process.

Report this User

Report this user for behavior that violates our Community Guidelines.

Details: